[Event "London Classic op U1750 9th"]
[Site "London"]
[Date "2017.12.04"]
[Round "1"]
[White "MacLeod, Andrew"]
[Black "Lewis, Tim"]
[Result "0-1"]
[WhiteElo "1397"]
[BlackElo "1663"]
[PlyCount "58"]
[EventDate "2017.12.04"]
[EventType "swiss"]
[EventRounds "5"]
[EventCountry "ENG"]
[SourceTitle "CBM 182 Extra"]
[Source "ChessBase"]
[SourceDate "2018.02.23"]
[SourceVersion "1"]
[SourceVersionDate "2018.02.23"]
[SourceQuality "1"]

1. d4 Nf6 2. c4 e6 3. Nc3 Bb4 4. e3 b6 5. Bd3 Bb7 6. Nf3 0-0 7. 0-0 Bxc3 8. bxc3 Ne4 9. Qc2 f5 10. Ne1 Qh4 11. f3 Ng5 12. Rf2 Rf6 13. e4 f4 14. e5 Rh6 15. h3 Qg3 16. Kf1 Nc6 17. Be4 Ba6 18. Qa4 Na5 19. Qxd7 Nxe4 20. fxe4 Bxc4+ 21. Kg1 Rxh3 22. Bxf4 Rh1+ 23. Kxh1 Qxf2 24. Bg5 Qe2 25. Qxc7 Qh5+ 26. Kg1 Qxg5 27. Nc2 Bd3 28. Nb4 Bxe4 29. Qd6 Qxg2# 0-1

[Event "GBR-ch U1750 op 104th"]
[Site "Llandudno"]
[Date "2017.08.04"]
[Round "5"]
[White "Lewis, Tim"]
[Black "Fowler, David J"]
[Result "1-0"]
[WhiteElo "1577"]
[BlackElo "1659"]
[PlyCount "57"]
[EventDate "2017.07.31"]
[EventType "swiss"]
[EventRounds "5"]
[EventCountry "WLS"]
[SourceTitle "EXT 2019"]
[Source "ChessBase"]
[SourceDate "2018.10.10"]
[SourceVersion "1"]
[SourceVersionDate "2018.10.10"]
[SourceQuality "1"]

1. e4 e6 2. d4 d5 3. Nc3 Bb4 4. e5 Ne7 5. h4 c5 6. a3 Bxc3+ 7. bxc3 Nbc6 8. h5 h6 9. Qg4 Nf5 10. Bd3 Nce7 11. Qf4 c4 12. Be2 Nc6 13. g4 Nfe7 14. Nf3 Qa5 15. Bd2 Bd7 16. g5 hxg5 17. Qxg5 Nf5 18. Nh4 Nce7 19. Nxf5 Nxf5 20. Bg4 Qd8 21. Qxd8+ Kxd8 22. 0-0-0 Kc7 23. Rdg1 a5 24. Bxf5 exf5 25. Rxg7 Be6 26. h6 Kc6 27. Bg5 Rag8 28. Rxg8 Rxg8 29. h7 1-0

[Event "BCF-ch U14"]
[Site "Llandudno"]
[Date "2017.08.04"]
[Round "6"]
[White "Lewis, Tim"]
[Black "Ye, Kevin"]
[Result "1-0"]
[WhiteElo "1577"]
[BlackElo "1471"]
[PlyCount "77"]
[EventDate "2017.07.30"]
[EventType "swiss"]
[EventRounds "7"]
[EventCountry "WLS"]
[SourceTitle "CBM 179 Extra"]
[Source "ChessBase"]
[SourceDate "2017.08.23"]
[SourceVersion "1"]
[SourceVersionDate "2017.08.23"]
[SourceQuality "1"]

1. e4 e5 2. Nf3 Nc6 3. Bc4 Nf6 4. d3 h6 5. 0-0 Bc5 6. c3 d6 7. Nbd2 0-0 8. h3 Be6 9. Bb3 Ne7 10. Re1 Ng6 11. Nf1 Qd7 12. Ng3 Bxh3 13. gxh3 Qxh3 14. d4 exd4 15. cxd4 Bb4 16. Bd2 a5 17. Bxb4 Nf4 18. Nh4 Qxh4 19. Bd2 Ng4 20. Qf3 Qh2+ 21. Kf1 Nh3 22. Qg2 Qxg2+ 23. Kxg2 Nhxf2 24. Bc4 c6 25. Re2 b5 26. Bb3 Nd3 27. Rb1 c5 28. dxc5 dxc5 29. Bd5 Rac8 30. Rf1 b4 31. b3 Nde5 32. Bf4 g5 33. Bxe5 Nxe5 34. Nf5 Kh7 35. Rh1 Ng6 36. Rxh6+ Kg8 37. Rxg6+ Kh7 38. Rh6+ Kg8 39. Kg1 1-0

[Event "BCF-ch U14"]
[Site "Llandudno"]
[Date "2017.07.30"]
[Round "1"]
[White "Govindaraj, Neya"]
[Black "Lewis, Tim"]
[Result "0-1"]
[WhiteElo "1318"]
[BlackElo "1577"]
[PlyCount "98"]
[EventDate "2017.07.30"]
[EventType "swiss"]
[EventRounds "7"]
[EventCountry "WLS"]
[SourceTitle "CBM 179 Extra"]
[Source "ChessBase"]
[SourceDate "2017.08.23"]
[SourceVersion "1"]
[SourceVersionDate "2017.08.23"]
[SourceQuality "1"]

1. d4 Nf6 2. Nc3 d5 3. Bg5 c5 4. Nf3 Nc6 5. Qd2 e6 6. 0-0-0 a6 7. e4 dxe4 8. Nxe4 Nxe4 9. Qf4 Nxg5 10. Nxg5 Qf6 11. Qxf6 gxf6 12. Nf3 cxd4 13. Nxd4 Nxd4 14. Rxd4 e5 15. Rd1 Bf5 16. Bc4 Rc8 17. Bb3 Be6 18. Bxe6 fxe6 19. c3 Rd8 20. f3 Rxd1+ 21. Rxd1 Bh6+ 22. Kc2 Ke7 23. b4 Rd8 24. Rxd8 Kxd8 25. Kd3 Kd7 26. a4 Kc6 27. c4 Bf8 28. b5+ axb5 29. axb5+ Kc5 30. h3 h5 31. g4 h4 32. Kc3 Bh6 33. b6 Kxb6 34. Kb4 Bd2+ 35. Kb3 Kc5 36. Kc2 Bf4 37. Kc3 Be3 38. Kd3 Bd4 39. Ke4 Kxc4 40. f4 exf4 41. Kxf4 b5 42. g5 fxg5+ 43. Kxg5 Bf2 44. Kf4 b4 45. Kf3 Bg3 46. Ke2 Kc3 47. Kd1 b3 48. Kc1 b2+ 49. Kb1 Bf2 0-1

[Event "EU School-ch U15"]
[Site "Budva"]
[Date "2017.06.13"]
[Round "3"]
[White "Lewis, Tim"]
[Black "Tsarev, Alexander"]
[Result "1-0"]
[WhiteElo "1572"]
[BlackElo "1498"]
[PlyCount "53"]
[EventDate "2017.06.11"]
[EventType "swiss"]
[EventRounds "9"]
[EventCountry "MNE"]
[SourceTitle "EXT 2024"]
[Source "ChessBase"]
[SourceDate "2023.10.10"]
[SourceVersion "1"]
[SourceVersionDate "2023.10.10"]
[SourceQuality "1"]

1. e4 c6 2. d4 d5 3. e5 Bf5 4. h4 h6 5. g4 Bh7 6. e6 fxe6 7. Nf3 Qd6 8. Ne5 Nd7 9. Bf4 Nxe5 10. Bxe5 Qb4+ 11. Nd2 Qxb2 12. Bd3 Bxd3 13. cxd3 Qc3 14. Ke2 Nf6 15. Qa4 a6 16. Rhc1 b5 17. Rxc3 bxa4 18. g5 hxg5 19. hxg5 Ng4 20. Rxc6 Nxe5 21. dxe5 Kd7 22. Rac1 Ra7 23. f4 g6 24. Nf3 Bg7 25. a3 Rh3 26. Nd4 Bh8 27. Nxe6 1-0

[Event "EU School-ch U15"]
[Site "Budva"]
[Date "2017.06.11"]
[Round "1"]
[White "Lewis, Tim"]
[Black "Guncan, Berke"]
[Result "0-1"]
[WhiteElo "1572"]
[BlackElo "1999"]
[PlyCount "68"]
[EventDate "2017.06.11"]
[EventType "swiss"]
[EventRounds "9"]
[EventCountry "MNE"]
[SourceTitle "EXT 2024"]
[Source "ChessBase"]
[SourceDate "2023.10.10"]
[SourceVersion "1"]
[SourceVersionDate "2023.10.10"]
[SourceQuality "1"]

1. e4 c5 2. Nc3 g6 3. f4 Bg7 4. Nf3 Nc6 5. Bb5 e6 6. Bxc6 bxc6 7. d3 d5 8. 0-0 Ne7 9. Qe1 0-0 10. f5 exf5 11. Qh4 d4 12. Na4 fxe4 13. Ng5 h6 14. Nxe4 Nf5 15. Qxd8 Rxd8 16. Naxc5 Ne3 17. Bxe3 dxe3 18. Nf6+ Kh8 19. Rae1 Bf5 20. Nce4 Rab8 21. b3 c5 22. Rxe3 Rb6 23. Ref3 Rxf6 24. Nxf6 Bxf6 25. g4 Bd4+ 26. Kh1 Be6 27. c4 Bd7 28. Rxf7 Bc6+ 29. R1f3 Re8 30. Kg2 Re2+ 31. Kg3 Bxf3 32. Rxf3 Be5+ 33. Kh4 Rxh2+ 34. Rh3 g5+ 0-1

[Event "BCF-ch U13"]
[Site "Bournemouth"]
[Date "2016.08.04"]
[Round "6"]
[White "Lewis, Tim"]
[Black "Atara, Omeet J"]
[Result "1/2-1/2"]
[WhiteElo "1475"]
[BlackElo "1662"]
[PlyCount "58"]
[EventDate "2016.07.31"]
[EventType "swiss"]
[EventRounds "7"]
[EventCountry "ENG"]
[SourceTitle "CBM 173 Extra"]
[Source "ChessBase"]
[SourceDate "2016.08.29"]
[SourceVersion "1"]
[SourceVersionDate "2016.08.29"]
[SourceQuality "1"]

1. e4 g6 2. d4 Bg7 3. Nf3 c5 4. c3 Qa5 5. dxc5 Qxc5 6. Be3 Qc7 7. Bd3 Nc6 8. Nbd2 Nh6 9. h3 d6 10. Nb3 f6 11. Qc2 Nf7 12. 0-0-0 Nfe5 13. Nxe5 Nxe5 14. Bb5+ Bd7 15. Bxd7+ Qxd7 16. Nd2 Qe6 17. Kb1 Nf7 18. Qa4+ Qd7 19. Qxd7+ Kxd7 20. Nb3 Kc7 21. Nd4 Kd7 22. Nb3 Bf8 23. f3 Bh6 24. Bxh6 Nxh6 25. Nd2 Rac8 26. Nb3 Ra8 27. Na5 b6 28. Nc4 Nf7 29. Na5 b5 1/2-1/2

[Event "Hampstead U1900 op 41st"]
[Site "Hampstead"]
[Date "2016.07.03"]
[Round "5"]
[White "Pride, Stephen C"]
[Black "Lewis, Tim"]
[Result "1-0"]
[WhiteElo "1646"]
[BlackElo "1510"]
[PlyCount "67"]
[EventDate "2016.07.02"]
[EventType "swiss"]
[EventRounds "5"]
[EventCountry "ENG"]
[SourceTitle "EXT 2025"]
[Source "ChessBase"]
[SourceDate "2024.10.14"]
[SourceVersion "1"]
[SourceVersionDate "2024.10.14"]
[SourceQuality "1"]

1. d4 Nf6 2. Bg5 e6 3. Nd2 b6 4. e4 Be7 5. Bd3 d6 6. Ngf3 Bb7 7. 0-0 Nbd7 8. Qe2 c5 9. c3 0-0 10. a4 Re8 11. Rad1 Nd5 12. Bxe7 Nxe7 13. e5 dxe5 14. dxe5 Nf8 15. Nc4 Qc7 16. Nd6 Red8 17. Ng5 Neg6 18. Nxb7 Qxb7 19. Be4 Rxd1 20. Rxd1 Qe7 21. Bxa8 Qxg5 22. Re1 Nd7 23. Qe3 Qxe3 24. Rxe3 Ndxe5 25. Kf1 Nc4 26. Re2 Nf4 27. Rc2 Nd3 28. b3 Nce5 29. Rd2 h6 30. Be4 Kf8 31. Bxd3 Ng4 32. h3 Ne5 33. Bb5 Ke7 34. f4 1-0

[Event "EU School-ch U13"]
[Site "Kallithea"]
[Date "2016.06.17"]
[Round "1"]
[White "Lewis, Tim"]
[Black "Karaahmetoglu, Ege"]
[Result "0-1"]
[WhiteElo "1554"]
[BlackElo "1928"]
[PlyCount "46"]
[EventDate "2016.06.17"]
[EventType "swiss"]
[EventRounds "9"]
[EventCountry "GRE"]
[SourceTitle "EXT 2017"]
[Source "ChessBase"]
[SourceDate "2016.10.25"]
[SourceVersion "1"]
[SourceVersionDate "2016.10.25"]
[SourceQuality "1"]

1. e4 e5 2. Nf3 Nc6 3. Bc4 Bc5 4. 0-0 Nf6 5. d4 Bxd4 6. Nxd4 Nxd4 7. f4 d6 8. fxe5 dxe5 9. Bg5 Be6 10. Na3 Qe7 11. Bxf6 gxf6 12. c3 Bxc4 13. Nxc4 Ne6 14. Qa4+ c6 15. Ne3 Qc5 16. Rae1 0-0-0 17. Rxf6 Rd3 18. Rf3 Rhd8 19. Kh1 Kb8 20. Nf5 Rxf3 21. gxf3 Qf2 22. Rb1 Qxf3+ 23. Kg1 Nf4 0-1

[Event "Crawley e2e4 Gatwick op U1850"]
[Site "Crawley"]
[Date "2016.05.28"]
[Round "2"]
[White "Foley, Phil T"]
[Black "Lewis, Tim"]
[Result "1-0"]
[WhiteElo "1710"]
[BlackElo "1508"]
[PlyCount "99"]
[EventDate "2016.05.27"]
[EventType "swiss"]
[EventRounds "7"]
[EventCountry "ENG"]
[SourceTitle "EXT 2019"]
[Source "ChessBase"]
[SourceDate "2018.10.10"]
[SourceVersion "1"]
[SourceVersionDate "2018.10.10"]
[SourceQuality "1"]

1. e4 e5 2. Nf3 Nc6 3. Bc4 Bc5 4. c3 Nf6 5. d4 exd4 6. cxd4 Bb4+ 7. Bd2 Nxe4 8. Bxb4 Nxb4 9. Bxf7+ Kxf7 10. Qb3+ d5 11. Ne5+ Ke8 12. Qxb4 Qg5 13. Nd2 Qxg2 14. 0-0-0 a5 15. Qb5+ c6 16. Qe2 Bf5 17. Rde1 Qxf2 18. Nxe4 Qf4+ 19. Qd2 Qxd2+ 20. Nxd2 Kf8 21. Rhf1 g6 22. Ndf3 Kg7 23. Ng5 Rac8 24. Ngf7 Rhf8 25. Nd6 Rc7 26. Nxf5+ Rxf5 27. Rxf5 gxf5 28. Rg1+ Kf6 29. Kd2 Re7 30. Re1 c5 31. Nd3 Rxe1 32. Nxe1 cxd4 33. Nf3 h5 34. Kd3 f4 35. Kxd4 Kf5 36. Kxd5 Kg4 37. Ke4 b5 38. a3 b4 39. axb4 axb4 40. b3 Kh3 41. Kxf4 Kg2 42. h4 Kh3 43. Kg5 Kg3 44. Ne5 Kf2 45. Nc6 Ke3 46. Nxb4 Kd4 47. Nc2+ Kc3 48. b4 Kc4 49. Kxh5 Kd5 50. Kg5 1-0

[Event "Crawley e2e4 Gatwick op U1850"]
[Site "Crawley"]
[Date "2016.05.28"]
[Round "3"]
[White "Lewis, Tim"]
[Black "O Gorman, Brendan"]
[Result "1/2-1/2"]
[WhiteElo "1508"]
[BlackElo "1840"]
[PlyCount "128"]
[EventDate "2016.05.27"]
[EventType "swiss"]
[EventRounds "7"]
[EventCountry "ENG"]
[SourceTitle "EXT 2019"]
[Source "ChessBase"]
[SourceDate "2018.10.10"]
[SourceVersion "1"]
[SourceVersionDate "2018.10.10"]
[SourceQuality "1"]

1. e4 c5 2. Nc3 e6 3. f4 Nc6 4. Nf3 d5 5. exd5 exd5 6. Bb5 Nf6 7. Ne5 Qc7 8. Bxc6+ bxc6 9. Qe2 Be7 10. b3 0-0 11. Ba3 Re8 12. 0-0 Bd6 13. Rae1 Bf5 14. d3 Nd7 15. Qh5 Bg6 16. Nxg6 hxg6 17. Rxe8+ Rxe8 18. Qh4 Nf6 19. Rf3 Qe7 20. Rh3 Qe1+ 21. Qxe1 Rxe1+ 22. Kf2 Rh1 23. Rh4 Be7 24. Rh3 Ng4+ 25. Ke2 Bf6 26. Na4 Ra1 27. Kf3 Nh6 28. g4 Rf1+ 29. Ke2 Rxf4 30. Bxc5 a6 31. Be3 Rxg4 32. Bxh6 gxh6 33. Rxh6 Rg2+ 34. Kd1 Bg5 35. Rh3 Rd2+ 36. Ke1 Rxc2 37. d4 Rxa2 38. Kf1 Rd2 39. Rc3 Rxd4 40. Rxc6 Rb4 41. Rb6 Rxb6 42. Nxb6 d4 43. Ke2 f5 44. Na4 Be7 45. Kd3 Kf7 46. Kxd4 Ke6 47. Nb6 g5 48. Nd5 Bd6 49. h3 g4 50. hxg4 fxg4 51. Ne3 g3 52. Ke4 Bc5 53. Ng2 Kd6 54. Kf3 Bf2 55. Nf4 a5 56. Nd3 Kd5 57. Nxf2 gxf2 58. Kxf2 Kd4 59. Ke2 Kc3 60. Kd1 Kb2 61. Kd2 Kxb3 62. Kc1 Ka2 63. Kc2 a4 64. Kc3 a3 1/2-1/2

[Event "BCF-chT4 1516 (4NCL)"]
[Site "England"]
[Date "2016.05.01"]
[Round "10.99"]
[White "Lewis, Tim"]
[Black "Hung, Jake"]
[Result "1-0"]
[WhiteElo "1630"]
[BlackElo "1810"]
[PlyCount "31"]
[EventDate "2015.11.14"]
[EventType "team-swiss"]
[EventRounds "11"]
[EventCountry "ENG"]
[SourceTitle "EXT 2017"]
[Source "ChessBase"]
[SourceDate "2016.10.25"]
[SourceVersion "1"]
[SourceVersionDate "2016.10.25"]
[SourceQuality "1"]
[WhiteTeam "Barnet Knights II"]
[BlackTeam "Barnet Knights"]
[WhiteTeamCountry "ENG"]
[BlackTeamCountry "ENG"]

1. e4 c6 2. d4 d5 3. e5 Bf5 4. h4 h6 5. g4 Bh7 6. e6 fxe6 7. Bd3 Bxd3 8. Qxd3 Qa5+ 9. Nc3 Nf6 10. Qg6+ Kd8 11. Nf3 Nbd7 12. Ne5 Nxe5 13. dxe5 Ne4 14. Rh3 Kd7 15. Rd3 h5 16. Qxe4 1-0

[Event "BCF-ch U12"]
[Site "Coventry"]
[Date "2015.08.06"]
[Round "6"]
[White "Lewis, Tim"]
[Black "Modi, Shyam Jagdish"]
[Result "1/2-1/2"]
[WhiteElo "1512"]
[BlackElo "114"]
[PlyCount "124"]
[EventDate "2015.08.02"]
[EventType "swiss"]
[EventRounds "7"]
[EventCountry "ENG"]
[SourceTitle "CBM 167 Extra"]
[Source "ChessBase"]
[SourceDate "2015.09.14"]
[SourceVersion "1"]
[SourceVersionDate "2015.09.14"]
[SourceQuality "1"]

1. e4 e6 2. d4 d5 3. Nc3 Bb4 4. e5 c5 5. a3 Bxc3+ 6. bxc3 Qa5 7. Bd2 Qa4 8. Qg4 Kf8 9. Ra2 Nc6 10. Nf3 Nge7 11. h4 Nf5 12. Qf4 h6 13. g4 Nfe7 14. h5 Bd7 15. dxc5 Qxf4 16. Bxf4 Rc8 17. Rb2 Na5 18. Bb5 Nc4 19. Bxd7 Nxb2 20. Bxc8 Nxc8 21. Ke2 Nc4 22. Rb1 b6 23. cxb6 N8xb6 24. Be3 Ke7 25. a4 Nxe3 26. a5 Nxc2 27. axb6 axb6 28. Rxb6 Rd8 29. Ra6 d4 30. Kd3 Rc8 31. Ra7+ Ke8 32. Nxd4 Nxd4 33. Kxd4 Rd8+ 34. Ke3 Rc8 35. Kd4 Rd8+ 36. Ke4 Rc8 37. Kd3 Rd8+ 38. Kc2 Rc8 39. Ra4 Rc5 40. f4 Rd5 41. Rd4 Ra5 42. Kb2 Rb5+ 43. Rb4 Rd5 44. Rb8+ Ke7 45. Kc2 Ra5 46. Rb7+ Ke8 47. Rb8+ Ke7 48. Rg8 Ra2+ 49. Kd3 Rf2 50. Rxg7 Rxf4 51. Rh7 Rxg4 52. Rxh6 Kf8 53. Rf6 Rg5 54. Ke4 Rxh5 55. Rf2 Rh4+ 56. Kd3 Ke7 57. Ra2 Rh3+ 58. Kd4 Rh4+ 59. Kc5 Re4 60. Ra7+ Kf8 61. Kd6 Rc4 62. Ra3 Kg7 1/2-1/2

[Event "BCF-ch U12"]
[Site "Coventry"]
[Date "2015.08.05"]
[Round "5"]
[White "Ratnesan, Ranesh"]
[Black "Lewis, Tim"]
[Result "1-0"]
[WhiteElo "1648"]
[BlackElo "1512"]
[PlyCount "67"]
[EventDate "2015.08.02"]
[EventType "swiss"]
[EventRounds "7"]
[EventCountry "ENG"]
[SourceTitle "CBM 167 Extra"]
[Source "ChessBase"]
[SourceDate "2015.09.14"]
[SourceVersion "1"]
[SourceVersionDate "2015.09.14"]
[SourceQuality "1"]

1. d4 Nf6 2. c4 e6 3. Nc3 Bb4 4. Qc2 0-0 5. a3 Bxc3+ 6. Qxc3 d5 7. Nf3 b6 8. g3 c5 9. Bg2 Bb7 10. 0-0 Nc6 11. dxc5 Ne4 12. Qc2 Nxc5 13. b4 Ne4 14. Bb2 Rc8 15. Rac1 Ne7 16. Nd2 Nd6 17. Qd3 dxc4 18. Nxc4 Rxc4 19. Rxc4 Nxc4 20. Qxc4 Bxg2 21. Kxg2 Qd5+ 22. Qxd5 Nxd5 23. e4 Ne7 24. Rd1 b5 25. Rd7 Nc6 26. Rc7 Nb8 27. Rxa7 Rc8 28. Rb7 Na6 29. Rxb5 h6 30. Ra5 Rc2 31. Be5 Nc7 32. Rc5 Rxc5 33. bxc5 Na6 34. c6 1-0

[Event "BCF-ch U12"]
[Site "Coventry"]
[Date "2015.08.03"]
[Round "3"]
[White "Zhang, Harvey Y"]
[Black "Lewis, Tim"]
[Result "1-0"]
[WhiteElo "1704"]
[BlackElo "1512"]
[PlyCount "59"]
[EventDate "2015.08.02"]
[EventType "swiss"]
[EventRounds "7"]
[EventCountry "ENG"]
[SourceTitle "CBM 167 Extra"]
[Source "ChessBase"]
[SourceDate "2015.09.14"]
[SourceVersion "1"]
[SourceVersionDate "2015.09.14"]
[SourceQuality "1"]

1. d4 Nf6 2. Nf3 e6 3. c4 b6 4. Nc3 Bb4 5. Bg5 h6 6. Bh4 g5 7. Bg3 Ne4 8. Qc2 Bb7 9. e3 h5 10. h4 Nxg3 11. fxg3 g4 12. Ng5 Bxc3+ 13. bxc3 Qe7 14. Bd3 f5 15. e4 fxe4 16. Bxe4 d5 17. Bg6+ Kd7 18. Rf1 Kc8 19. Qe2 dxc4 20. Rf7 Qd6 21. Qxe6+ Qxe6+ 22. Nxe6 Nd7 23. Bf5 Re8 24. Kf2 Bd5 25. Re1 Rb8 26. Rh7 Rb7 27. Nf4 Rxe1 28. Rh8+ Bg8 29. Rxg8+ Re8 30. Rxe8# 1-0

[Event "BCF-chT3 1415 (4NCL)"]
[Site "England"]
[Date "2015.05.03"]
[Round "10.32"]
[White "Homolka, Vincent"]
[Black "Lewis, Tim"]
[Result "1-0"]
[WhiteElo "1790"]
[BlackElo "1600"]
[PlyCount "123"]
[EventDate "2015.03.21"]
[EventType "team-swiss"]
[EventRounds "11"]
[EventCountry "ENG"]
[SourceTitle "EXT 2016"]
[Source "ChessBase"]
[SourceDate "2015.10.08"]
[SourceVersion "1"]
[SourceVersionDate "2015.10.08"]
[SourceQuality "1"]
[WhiteTeam "e2e4.org.uk V"]
[BlackTeam "Barnet Knights II"]
[WhiteTeamCountry "ENG"]
[BlackTeamCountry "ENG"]

1. e4 e5 2. Bc4 Nf6 3. d3 Bc5 4. Nc3 Nc6 5. Nf3 h6 6. 0-0 0-0 7. Re1 a6 8. Be3 Ba7 9. Bxa7 Rxa7 10. Qd2 d6 11. h3 Na5 12. Bb3 Nxb3 13. axb3 Be6 14. d4 exd4 15. Nxd4 Ra8 16. Rad1 Qe7 17. e5 dxe5 18. Rxe5 Rfd8 19. Qe2 c5 20. Nxe6 Rxd1+ 21. Nxd1 Re8 22. Nc3 fxe6 23. f4 Qd6 24. Kh1 Kf7 25. Qf2 Qd4 26. Kg1 Nd7 27. Re1 Qxf2+ 28. Kxf2 Nf6 29. Ne4 Rd8 30. Nxc5 Rc8 31. Nxb7 Rxc2+ 32. Re2 Ne4+ 33. Ke3 Rxe2+ 34. Kxe2 Ng3+ 35. Kf3 Nf1 36. b4 Nd2+ 37. Ke2 Nc4 38. b3 Nb6 39. b5 axb5 40. Nd6+ Ke7 41. Nxb5 Nd5 42. g3 h5 43. Kf3 Nb4 44. Ke4 Na6 45. Kd4 Nb4 46. Nc3 Nc2+ 47. Kc5 Ne1 48. Ne4 Ng2 49. h4 Ne3 50. b4 Kd7 51. b5 Kc7 52. Ng5 Kd7 53. b6 Nf5 54. Nxe6 Kc8 55. Kc6 Ne7+ 56. Kc5 Nf5 57. Kc6 Ne7+ 58. Kd6 Nf5+ 59. Ke5 Nxg3 60. Nxg7 Kb7 61. f5 Kxb6 62. f6 1-0

[Event "Sunningdale e2e4 U1800 op 04"]
[Site "Sunningdale"]
[Date "2014.04.18"]
[Round "3"]
[White "Lewis, Tim"]
[Black "Langham, Rod E"]
[Result "1-0"]
[WhiteElo "1570"]
[BlackElo "1787"]
[PlyCount "119"]
[EventDate "2014.04.17"]
[EventType "swiss"]
[EventRounds "7"]
[EventCountry "ENG"]
[SourceTitle "EXT 2015"]
[Source "ChessBase"]
[SourceDate "2014.11.20"]
[SourceVersion "1"]
[SourceVersionDate "2014.11.20"]
[SourceQuality "1"]

1. e4 e6 2. d4 d5 3. e5 c5 4. c3 Bd7 5. Nf3 Nc6 6. Bd3 Qb6 7. Bc2 cxd4 8. cxd4 Nb4 9. Ba4 Bxa4 10. Qxa4+ Nc6 11. 0-0 Qb4 12. Qxb4 Bxb4 13. Bd2 Nge7 14. Bxb4 Nxb4 15. Nc3 Nf5 16. Nb5 Kd7 17. g4 Nh6 18. h3 f6 19. Nd2 Nf7 20. f4 a6 21. Nc3 Nc2 22. Rac1 Nxd4 23. Rf2 Rac8 24. Rd1 Nc6 25. Nc4 Ke7 26. exf6+ gxf6 27. Nb6 Rcg8 28. f5 Ng5 29. Kh2 d4 30. Ne2 e5 31. Nd5+ Kf7 32. Ng3 h6 33. Nh5 Nh7 34. Rd3 Rd8 35. Nc7 Rd7 36. Ne6 Rc8 37. Rb3 Nd8 38. Rb6 Nc6 39. Nc5 Re7 40. Nxb7 Rcc7 41. Nd6+ Kg8 42. Rxa6 Red7 43. Ra8+ Rd8 44. Rxd8+ Nxd8 45. Ne4 Kf7 46. b3 d3 47. Rd2 Rc2 48. Kg3 Rxd2 49. Nxd2 Nc6 50. Kf2 Nb4 51. a4 Ke7 52. Ne4 Nd5 53. Ke1 Ng5 54. Nxg5 hxg5 55. Ng3 Nf4 56. a5 Kd6 57. Ne4+ Kc6 58. Nxf6 Kb5 59. b4 Nxh3 60. Nd5 1-0

[Event "Hampstead op U2200 11-B"]
[Site "Hampstead"]
[Date "2013.12.01"]
[Round "4"]
[White "Altman, Joshua"]
[Black "Lewis, Tim"]
[Result "1-0"]
[WhiteElo "1622"]
[BlackElo "1314"]
[PlyCount "103"]
[EventDate "2013.11.30"]
[EventType "swiss"]
[EventRounds "5"]
[EventCountry "ENG"]
[SourceTitle "EXT 2015"]
[Source "ChessBase"]
[SourceDate "2014.11.20"]
[SourceVersion "1"]
[SourceVersionDate "2014.11.20"]
[SourceQuality "1"]

1. e4 e5 2. Nf3 Nc6 3. Bb5 a6 4. Ba4 Nf6 5. d3 b5 6. Bb3 d5 7. exd5 Nxd5 8. c3 Bg4 9. 0-0 Bc5 10. Re1 0-0 11. h3 Be6 12. d4 exd4 13. cxd4 Bd6 14. Ng5 Qd7 15. Kh1 Bf4 16. Bxd5 Bxg5 17. Bxc6 Qxc6 18. Bxg5 Bxh3 19. d5 Qg6 20. gxh3 Qxg5 21. Rg1 Qe5 22. Nc3 Rad8 23. Qg4 h5 24. Qe4 Qf6 25. Qg2 Rfe8 26. Rae1 Rf8 27. Re3 Kh8 28. Rg3 g6 29. a3 Rfe8 30. Qf3 Qe7 31. Qf4 Kh7 32. Re3 Qd7 33. Qf3 Rf8 34. Ne4 Kh8 35. Qf6+ Kh7 36. Ng5+ Kh6 37. Nxf7+ Qxf7 38. Qg5+ Kh7 39. Re7 Rd6 40. Rxf7+ Rxf7 41. Re1 Rdf6 42. Re6 Rxe6 43. dxe6 Rg7 44. e7 Rg8 45. Qf6 Kh6 46. Qf7 Rh8 47. Qf8+ Rxf8 48. exf8Q+ Kg5 49. f4+ Kh4 50. Kg2 b4 51. Qf6+ g5 52. Qxg5# 1-0

[Event "Hampstead op U2200 11-B"]
[Site "Hampstead"]
[Date "2013.12.01"]
[Round "5"]
[White "Pride, Stephen C"]
[Black "Lewis, Tim"]
[Result "1-0"]
[WhiteElo "1811"]
[BlackElo "1314"]
[PlyCount "101"]
[EventDate "2013.11.30"]
[EventType "swiss"]
[EventRounds "5"]
[EventCountry "ENG"]
[SourceTitle "EXT 2015"]
[Source "ChessBase"]
[SourceDate "2014.11.20"]
[SourceVersion "1"]
[SourceVersionDate "2014.11.20"]
[SourceQuality "1"]

1. e4 e5 2. Qh5 Nc6 3. Bc4 g6 4. Qf3 Nf6 5. Ne2 Bg7 6. d3 h6 7. Bd2 d6 8. h3 g5 9. Na3 Qe7 10. 0-0-0 Be6 11. Kb1 0-0-0 12. Bxe6+ Qxe6 13. c3 Nd7 14. Ng3 Nb6 15. Qf5 Qxf5 16. Nxf5 Bf6 17. Nc2 d5 18. Be3 d4 19. cxd4 exd4 20. Bd2 Ne7 21. Nxe7+ Bxe7 22. g3 Rhg8 23. Rhg1 c5 24. Ba5 Rd6 25. f4 Kd7 26. e5 Re6 27. Bxb6 Rxb6 28. f5 a5 29. g4 a4 30. Na3 Ra6 31. Rc1 Rb8 32. Nc4 b5 33. Nd2 b4 34. Ne4 Ra5 35. Rc4 Rb6 36. Rgc1 Rbb5 37. Re1 a3 38. b3 Ke8 39. Nd6+ Bxd6 40. exd6+ Kd7 41. Re7+ Kxd6 42. Rxf7 Ke5 43. Rc1 Ra6 44. Re1+ Kf4 45. Re6 Rxe6 46. fxe6+ Kg3 47. e7 Rb8 48. Rf8 Rb7 49. e8Q c4 50. Qe1+ Kxh3 51. Qh1+ 1-0

[Event "Hampstead op U2200 07"]
[Site "Hampstead"]
[Date "2013.07.21"]
[Round "4"]
[White "Hung, Jake"]
[Black "Lewis, Tim"]
[Result "1-0"]
[WhiteElo "1657"]
[BlackElo "1322"]
[PlyCount "79"]
[EventDate "2013.07.20"]
[EventType "swiss"]
[EventRounds "5"]
[EventCountry "ENG"]
[SourceTitle "EXT 2023"]
[Source "ChessBase"]
[SourceDate "2022.10.05"]
[SourceVersion "1"]
[SourceVersionDate "2022.10.05"]
[SourceQuality "1"]

1. c4 e5 2. Nc3 Nc6 3. g3 f5 4. Bg2 Bb4 5. e3 d6 6. Nge2 Nf6 7. 0-0 0-0 8. d3 Qe8 9. a3 Ba5 10. b4 Bb6 11. d4 a6 12. Qb3 Kh8 13. c5 Ba7 14. Bb2 Qh5 15. h3 f4 16. g4 Qh4 17. exf4 exd4 18. Ne4 Nxe4 19. Bxe4 dxc5 20. bxc5 Bxc5 21. Rac1 Na5 22. Qf3 d3 23. Qxd3 Bd6 24. Nd4 Bxf4 25. Rc5 Nc6 26. Rh5 Ne5 27. Qc2 Bh2+ 28. Kg2 Rxf2+ 29. Rxf2 Qg3+ 30. Kf1 Qg1+ 31. Ke2 Bxg4+ 32. hxg4 Qxg4+ 33. Kf1 Qg1+ 34. Ke2 Qg4+ 35. Ke1 Qg1+ 36. Ke2 Qg4+ 37. Nf3 Qxh5 38. Rxh2 Qf7 39. Nxe5 Qf4 40. Ng6+ 1-0

[Event "Hampstead op U2200 07"]
[Site "Hampstead"]
[Date "2013.07.20"]
[Round "1"]
[White "Haridas, Girinath"]
[Black "Lewis, Tim"]
[Result "1-0"]
[WhiteElo "1755"]
[BlackElo "1322"]
[PlyCount "45"]
[EventDate "2013.07.20"]
[EventType "swiss"]
[EventRounds "5"]
[EventCountry "ENG"]
[SourceTitle "EXT 2023"]
[Source "ChessBase"]
[SourceDate "2022.10.05"]
[SourceVersion "1"]
[SourceVersionDate "2022.10.05"]
[SourceQuality "1"]

1. d4 d5 2. c4 c6 3. Nf3 Nf6 4. Nc3 dxc4 5. a4 Bf5 6. Ne5 e6 7. f3 Bb4 8. e4 Bg6 9. Bxc4 Bxc3+ 10. bxc3 Qa5 11. Bd2 0-0 12. 0-0 c5 13. Rb1 b6 14. Bb5 c4 15. Nxc4 Qxb5 16. axb5 a6 17. Nxb6 Ra7 18. Ra1 Rb7 19. bxa6 Rxb6 20. a7 Ra6 21. axb8Q Rxa1 22. Qxf8+ Kxf8 23. Qxa1 1-0